[Event "Vlissingen HZ op 20th"]
[Site "Vlissingen"]
[Date "2016.08.06"]
[Round "1"]
[White "Lin, Chen"]
[Black "Oud, Niek"]
[Result "1-0"]
[WhiteElo "2516"]
[BlackElo "1938"]
[PlyCount "57"]
[EventDate "2016.08.06"]
[EventType "swiss"]
[EventRounds "9"]
[EventCountry "NED"]
[SourceTitle "CBM 173 Extra"]
[Source "ChessBase"]
[SourceDate "2016.08.29"]
[SourceVersion "1"]
[SourceVersionDate "2016.08.29"]
[SourceQuality "1"]

1. e4 c5 2. Nf3 Nc6 3. Nc3 d6 4. d4 cxd4 5. Nxd4 Nf6 6. f3 e5 7. Nb3 Be7 8. Be3 0-0 9. Qd2 Qc7 10. 0-0-0 Rd8 11. g4 Bd7 12. g5 Ne8 13. Nd5 Qb8 14. h4 f5 15. g6 f4 16. gxh7+ Kh8 17. Bf2 Be6 18. h5 Bg5 19. Bh3 Bxh3 20. Rxh3 Nf6 21. Rg1 Bh6 22. Bh4 Rf8 23. Nxf6 gxf6 24. Rg6 Kxh7 25. Bxf6 Rg8 26. Rh1 Qc7 27. Rhg1 Ne7 28. Qg2 Raf8 29. Bxe7 1-0

[Event "Hessen-ch Seniors op 12th"]
[Site "Bad Sooden-Allendorf"]
[Date "2016.05.08"]
[Round "9"]
[White "Oud, Niek"]
[Black "Niebling, Ferdinand"]
[Result "0-1"]
[WhiteElo "1927"]
[BlackElo "2129"]
[PlyCount "56"]
[EventDate "2016.04.30"]
[EventType "swiss"]
[EventRounds "9"]
[EventCountry "GER"]
[SourceTitle "EXT 2019"]
[Source "ChessBase"]
[SourceDate "2018.10.10"]
[SourceVersion "1"]
[SourceVersionDate "2018.10.10"]
[SourceQuality "1"]

1. d4 f5 2. c4 Nf6 3. Nc3 d6 4. Nf3 g6 5. g3 Bg7 6. Bg2 0-0 7. 0-0 Qe8 8. Re1 Qf7 9. b3 h6 10. h3 a5 11. Be3 Na6 12. Nd2 g5 13. f4 Nh5 14. fxg5 hxg5 15. Bf2 Kh8 16. Rf1 e5 17. dxe5 Bxe5 18. Nd5 Nc5 19. e3 Ne6 20. Qf3 Bd7 21. Rab1 Qh7 22. Rfd1 g4 23. hxg4 Ng5 24. Qe2 Nxg3 25. Bxg3 Bxg3 26. Nxc7 Qh2+ 27. Kf1 fxg4+ 28. Bf3 Qh1# 0-1

[Event "Bad Woerishofen Seniors op 32nd"]
[Site "Bad Woerishofen"]
[Date "2016.02.29"]
[Round "4"]
[White "Maes, Valeer"]
[Black "Oud, Niek"]
[Result "1/2-1/2"]
[WhiteElo "2110"]
[BlackElo "1952"]
[PlyCount "45"]
[EventDate "2016.02.26"]
[EventType "swiss"]
[EventRounds "9"]
[EventCountry "GER"]
[SourceTitle "EXT 2019"]
[Source "ChessBase"]
[SourceDate "2018.10.10"]
[SourceVersion "1"]
[SourceVersionDate "2018.10.10"]
[SourceQuality "1"]

1. d4 d5 2. Nf3 Nf6 3. c4 c6 4. Nbd2 Bf5 5. Nh4 Bd7 6. e3 g6 7. Bd3 Bg7 8. 0-0 0-0 9. Nhf3 a5 10. b3 Na6 11. Bb2 Nb4 12. Bb1 Re8 13. Ne5 Be6 14. Qe2 Nd7 15. e4 Nxe5 16. dxe5 d4 17. f4 d3 18. Qe3 Qd7 19. a3 Nc2 20. Bxc2 dxc2 21. Rac1 Red8 22. Rxc2 Qd3 23. Qxd3 1/2-1/2

[Event "Bad Woerishofen Seniors op 32nd"]
[Site "Bad Woerishofen"]
[Date "2016.02.28"]
[Round "3"]
[White "Oud, Niek"]
[Black "Hohler, Peter"]
[Result "1/2-1/2"]
[WhiteElo "1952"]
[BlackElo "2138"]
[PlyCount "45"]
[EventDate "2016.02.26"]
[EventType "swiss"]
[EventRounds "9"]
[EventCountry "GER"]
[SourceTitle "EXT 2019"]
[Source "ChessBase"]
[SourceDate "2018.10.10"]
[SourceVersion "1"]
[SourceVersionDate "2018.10.10"]
[SourceQuality "1"]

1. d4 Nf6 2. c4 e6 3. Nf3 b6 4. Nc3 Bb7 5. Qc2 d5 6. cxd5 exd5 7. Bf4 Bd6 8. Bxd6 Qxd6 9. e3 a6 10. Bd3 Nbd7 11. 0-0 0-0 12. Rac1 g6 13. Rfe1 c5 14. b3 Rac8 15. Qe2 cxd4 16. Nxd4 Nc5 17. Bb1 Nce4 18. Nxe4 dxe4 19. h3 Rc7 20. Qb2 Rfc8 21. Rxc7 Rxc7 22. Rc1 Rxc1+ 23. Qxc1 1/2-1/2

[Event "Bad Woerishofen Seniors op 32nd"]
[Site "Bad Woerishofen"]
[Date "2016.02.26"]
[Round "1"]
[White "Oud, Niek"]
[Black "Wraga, Teresa"]
[Result "1/2-1/2"]
[WhiteElo "1952"]
[BlackElo "1687"]
[PlyCount "34"]
[EventDate "2016.02.26"]
[EventType "swiss"]
[EventRounds "9"]
[EventCountry "GER"]
[SourceTitle "EXT 2019"]
[Source "ChessBase"]
[SourceDate "2018.10.10"]
[SourceVersion "1"]
[SourceVersionDate "2018.10.10"]
[SourceQuality "1"]

1. d4 Nf6 2. c4 c5 3. d5 b5 4. cxb5 a6 5. b6 Qxb6 6. Nc3 d6 7. e4 g6 8. Nf3 Bg7 9. Be2 0-0 10. 0-0 Nbd7 11. Qc2 Bb7 12. Rb1 Qc7 13. Rd1 Rfc8 14. Bf4 Nh5 15. Bg5 Nhf6 16. Qd2 Nb6 17. Bh6 c4 1/2-1/2

[Event "Vlissingen HZ op 19th"]
[Site "Vlissingen"]
[Date "2015.08.05"]
[Round "6"]
[White "Provoost, Simon"]
[Black "Oud, Niek"]
[Result "1-0"]
[WhiteElo "2240"]
[BlackElo "1936"]
[PlyCount "57"]
[EventDate "2015.08.01"]
[EventType "swiss"]
[EventRounds "9"]
[EventCountry "NED"]
[SourceTitle "CBM 167 Extra"]
[Source "ChessBase"]
[SourceDate "2015.09.14"]
[SourceVersion "1"]
[SourceVersionDate "2015.09.14"]
[SourceQuality "1"]

1. e4 c5 2. Nf3 Nc6 3. Bb5 Nf6 4. e5 Nd5 5. 0-0 g6 6. Re1 Bg7 7. c3 0-0 8. d4 cxd4 9. cxd4 a6 10. Bc4 Nb6 11. Bb3 d5 12. Bd2 Bg4 13. Bc3 e6 14. Nbd2 Nd7 15. h3 Bxf3 16. Nxf3 b5 17. Bc2 Qb6 18. Qd3 Rac8 19. h4 b4 20. Bd2 a5 21. Rad1 Ne7 22. Bg5 Nf5 23. Ba4 Rc7 24. g4 Nh6 25. Nh2 Rfc8 26. Qd2 Nxg4 27. Nxg4 h5 28. Bxd7 Rxd7 29. Nf6+ 1-0

[Event "Vlissingen HZ op 19th"]
[Site "Vlissingen"]
[Date "2015.08.03"]
[Round "4"]
[White "Lacrosse, Marc"]
[Black "Oud, Niek"]
[Result "1/2-1/2"]
[WhiteElo "2139"]
[BlackElo "1936"]
[PlyCount "50"]
[EventDate "2015.08.01"]
[EventType "swiss"]
[EventRounds "9"]
[EventCountry "NED"]
[SourceTitle "CBM 167 Extra"]
[Source "ChessBase"]
[SourceDate "2015.09.14"]
[SourceVersion "1"]
[SourceVersionDate "2015.09.14"]
[SourceQuality "1"]

1. d4 Nf6 2. c4 e6 3. Nf3 d5 4. Nc3 c6 5. Bg5 Be7 6. e3 Nbd7 7. cxd5 exd5 8. Qc2 h6 9. Bh4 0-0 10. Bd3 Re8 11. 0-0 Ne4 12. Bxe7 Qxe7 13. Rae1 Nf8 14. Nd2 Bf5 15. Bxe4 Bxe4 16. Ndxe4 dxe4 17. f3 exf3 18. Rxf3 Rad8 19. Ref1 Rd7 20. Qd3 Qe6 21. b3 Nh7 22. Qc4 Ng5 23. Rg3 Ne4 24. Qxe6 Rxe6 25. Nxe4 Rxe4 1/2-1/2

[Event "Hessen-ch Seniors op 10th"]
[Site "Bad Sooden-Allendorf"]
[Date "2014.05.04"]
[Round "9"]
[White "Wagner, Lothar"]
[Black "Oud, Niek"]
[Result "0-1"]
[WhiteElo "1796"]
[BlackElo "1998"]
[PlyCount "92"]
[EventDate "2014.04.26"]
[EventType "swiss"]
[EventRounds "9"]
[EventCountry "GER"]
[SourceTitle "EXT 2018"]
[Source "ChessBase"]
[SourceDate "2017.10.13"]
[SourceVersion "1"]
[SourceVersionDate "2017.10.13"]
[SourceQuality "1"]

1. d4 Nf6 2. c4 e6 3. Nc3 d5 4. Bg5 Be7 5. e3 Nbd7 6. Nf3 0-0 7. Rc1 c6 8. Bd3 dxc4 9. Bxc4 Nd5 10. Bxe7 Qxe7 11. 0-0 N5b6 12. Bd3 e5 13. dxe5 Nxe5 14. Nxe5 Qxe5 15. Qf3 Be6 16. Qg3 Qxg3 17. hxg3 Rad8 18. Rfd1 Rd7 19. Bb1 Rfd8 20. Rxd7 Rxd7 21. Rd1 Rxd1+ 22. Nxd1 Nc4 23. b3 Nd2 24. Bc2 c5 25. Nb2 b5 26. Nd3 c4 27. bxc4 bxc4 28. Nc1 Kf8 29. f3 Ke7 30. Kf2 c3 31. Ke1 Kd6 32. Ne2 Nc4 33. Nxc3 Nxe3 34. Bb1 Kc5 35. Ke2 Nc4 36. f4 g6 37. Bc2 Na3 38. Bb3 Bxb3 39. axb3 Kb4 40. Ne4 Kxb3 41. Ng5 a5 42. Nxf7 a4 43. Kd3 Nc2 44. Nd6 a3 45. Ne4 a2 46. Nd2+ Kb4 0-1

[Event "Hessen-ch Seniors op 10th"]
[Site "Bad Sooden-Allendorf"]
[Date "2014.04.30"]
[Round "5"]
[White "Kolkwitz, Klaus"]
[Black "Oud, Niek"]
[Result "0-1"]
[WhiteElo "1905"]
[BlackElo "1998"]
[PlyCount "84"]
[EventDate "2014.04.26"]
[EventType "swiss"]
[EventRounds "9"]
[EventCountry "GER"]
[SourceTitle "EXT 2018"]
[Source "ChessBase"]
[SourceDate "2017.10.13"]
[SourceVersion "1"]
[SourceVersionDate "2017.10.13"]
[SourceQuality "1"]

1. d4 Nf6 2. Nf3 d5 3. e3 Bg4 4. Nbd2 e6 5. Bd3 c5 6. c3 Nc6 7. 0-0 Bd6 8. Qa4 0-0 9. dxc5 Bxc5 10. e4 Qc7 11. exd5 exd5 12. Qc2 Rfe8 13. h3 Bh5 14. Nd4 Bxd4 15. cxd4 Qb6 16. Nb3 Nxd4 17. Nxd4 Qxd4 18. Be3 Qe5 19. Qd2 Bg6 20. Bxg6 hxg6 21. Rad1 Red8 22. Bd4 Qd6 23. Bxf6 gxf6 24. Qd4 Kg7 25. Rfe1 b6 26. Re3 Rd7 27. Rc3 Rad8 28. Re1 Re7 29. Rxe7 Qxe7 30. Re3 Qc5 31. Qxc5 bxc5 32. Ra3 Rd7 33. Kf1 f5 34. Ra6 g5 35. Ke2 Rb7 36. b3 c4 37. bxc4 dxc4 38. Ke3 c3 39. Kd3 Rb2 40. Kxc3 Rxf2 41. Kd4 Rxg2 42. Ke5 f4 0-1

[Event "Bad Woerishofen Seniors op 30th"]
[Site "Bad Woerishofen"]
[Date "2014.03.29"]
[Round "9"]
[White "Reinke, Kurt"]
[Black "Oud, Niek"]
[Result "1/2-1/2"]
[WhiteElo "1884"]
[BlackElo "2000"]
[PlyCount "52"]
[EventDate "2014.03.21"]
[EventType "swiss"]
[EventRounds "9"]
[EventCountry "GER"]
[SourceTitle "EXT 2019"]
[Source "ChessBase"]
[SourceDate "2018.10.10"]
[SourceVersion "1"]
[SourceVersionDate "2018.10.10"]
[SourceQuality "1"]

1. d4 Nf6 2. Nf3 d5 3. e3 c5 4. Bd3 Nc6 5. Ne5 Nxe5 6. dxe5 Ng4 7. f4 Nh6 8. 0-0 e6 9. Nd2 Qb6 10. Nf3 Bd7 11. f5 exf5 12. Ng5 Be7 13. e6 Bxe6 14. Nxe6 fxe6 15. Qh5+ Nf7 16. c4 g6 17. Qd1 0-0 18. g4 Rad8 19. gxf5 exf5 20. cxd5 Rxd5 21. Qc2 Bg5 22. Bc4 Re5 23. Qg2 h6 24. Qg3 Re4 25. Be2 c4 26. Kh1 Ne5 1/2-1/2

[Event "Bad Woerishofen Seniors op 30th"]
[Site "Bad Woerishofen"]
[Date "2014.03.25"]
[Round "5"]
[White "Aigner, Georg"]
[Black "Oud, Niek"]
[Result "1-0"]
[WhiteElo "1894"]
[BlackElo "2000"]
[PlyCount "101"]
[EventDate "2014.03.21"]
[EventType "swiss"]
[EventRounds "9"]
[EventCountry "GER"]
[SourceTitle "EXT 2019"]
[Source "ChessBase"]
[SourceDate "2018.10.10"]
[SourceVersion "1"]
[SourceVersionDate "2018.10.10"]
[SourceQuality "1"]

1. e4 c5 2. Nf3 Nc6 3. d4 cxd4 4. Nxd4 Nf6 5. Nc3 d6 6. f3 e6 7. Be3 Be7 8. Bb5 Bd7 9. 0-0 0-0 10. Nxc6 Bxc6 11. Qd3 Qa5 12. a3 a6 13. b4 Bxb5 14. bxa5 Bxd3 15. cxd3 Rac8 16. Na4 d5 17. Rfb1 dxe4 18. dxe4 Rc7 19. Rb3 Re8 20. Rab1 Rc4 21. Nb2 Rc2 22. Nd3 h6 23. Rxb7 Rc3 24. R1b3 Rxb3 25. Rxb3 Nd7 26. Rb7 Nb8 27. Bc5 Bxc5+ 28. Nxc5 Rc8 29. Nd7 Nc6 30. Rb6 Nxa5 31. Rxa6 Nc4 32. Nb6 Nxb6 33. Rxb6 Rc2 34. h4 Ra2 35. Ra6 e5 36. h5 Kf8 37. Ra7 g6 38. hxg6 fxg6 39. Kh2 g5 40. Rh7 Rxa3 41. Rxh6 Kg7 42. Re6 Ra5 43. Kg3 Kf7 44. Rd6 Ra2 45. Kh3 Rf2 46. Ra6 Rd2 47. g3 Rf2 48. Kg4 Rf1 49. Rh6 Kg7 50. Rh5 Kf6 51. Rh8 1-0

[Event "Bad Woerishofen Seniors op 30th"]
[Site "Bad Woerishofen"]
[Date "2014.03.22"]
[Round "2"]
[White "Oud, Niek"]
[Black "Riegler, Markus"]
[Result "1-0"]
[WhiteElo "2000"]
[BlackElo "1817"]
[PlyCount "89"]
[EventDate "2014.03.21"]
[EventType "swiss"]
[EventRounds "9"]
[EventCountry "GER"]
[SourceTitle "EXT 2019"]
[Source "ChessBase"]
[SourceDate "2018.10.10"]
[SourceVersion "1"]
[SourceVersionDate "2018.10.10"]
[SourceQuality "1"]

1. d4 Nf6 2. Nf3 d5 3. c4 c6 4. Nc3 dxc4 5. a4 Bg4 6. e3 e6 7. Bxc4 Nbd7 8. h3 Bh5 9. 0-0 Nd5 10. e4 Nxc3 11. bxc3 Be7 12. Rb1 Qc7 13. Re1 0-0 14. Be3 h6 15. Qb3 Bxf3 16. gxf3 Rab8 17. Kh1 Kh7 18. Rg1 Qb6 19. Qc2 Qd8 20. e5+ Kh8 21. Qd2 g5 22. f4 Rg8 23. f5 exf5 24. Bxf7 Rg7 25. e6 Nb6 26. Qe2 Qd5+ 27. f3 Nxa4 28. c4 Qd6 29. Ra1 b5 30. Qc2 f4 31. Bf2 Qb4 32. cxb5 cxb5 33. Rgb1 Qd6 34. Kg2 a6 35. Rc1 Rd8 36. Qc6 Qxc6 37. Rxc6 a5 38. Rd1 b4 39. d5 Nc3 40. d6 Bf6 41. Rd3 Rxf7 42. exf7 Kg7 43. Bb6 Ra8 44. d7 Kxf7 45. Rc8 1-0

[Event "Hessen-ch Seniors op 09th"]
[Site "Bad Sooden-Allendorf"]
[Date "2013.04.28"]
[Round "9"]
[White "Oud, Niek"]
[Black "Knaak, Joachim"]
[Result "1/2-1/2"]
[WhiteElo "2026"]
[BlackElo "2202"]
[PlyCount "94"]
[EventDate "2013.04.20"]
[EventType "swiss"]
[EventRounds "9"]
[EventCountry "GER"]
[SourceTitle "EXT 2019"]
[Source "ChessBase"]
[SourceDate "2018.10.10"]
[SourceVersion "1"]
[SourceVersionDate "2018.10.10"]
[SourceQuality "1"]

1. d4 Nf6 2. c4 g6 3. Nc3 Bg7 4. e4 d6 5. Nf3 0-0 6. Be2 e5 7. 0-0 Nc6 8. d5 Ne7 9. Be3 Ne8 10. Bg5 f6 11. Bd2 f5 12. Ng5 Nf6 13. Ne6 Bxe6 14. dxe6 Nxe4 15. Nxe4 fxe4 16. Bg5 Bf6 17. Bh6 Re8 18. Bg4 Nf5 19. Bxf5 gxf5 20. Qh5 f4 21. Rae1 Kh8 22. Rxe4 Rg8 23. g3 Qe8 24. Qh3 Qg6 25. Rfe1 Qg4 26. Qxg4 Rxg4 27. Kh1 Rg6 28. Bxf4 exf4 29. Rxf4 Re8 30. Re2 c6 31. h4 Bg7 32. e7 Kg8 33. Kg2 Bf6 34. h5 Rh6 35. g4 Bg5 36. Rf5 Bxe7 37. f4 Kg7 38. Kf3 Rf6 39. Ra5 a6 40. g5 Re6 41. Rf5 Bf6 42. Rxf6 Rxf6 43. Rxe8 Kf7 44. gxf6 Kxe8 45. Ke4 Kf7 46. a4 a5 47. b3 Kxf6 1/2-1/2

[Event "Hessen-ch Seniors op 09th"]
[Site "Bad Sooden-Allendorf"]
[Date "2013.04.27"]
[Round "8"]
[White "Peleikis, Horst"]
[Black "Oud, Niek"]
[Result "0-1"]
[WhiteElo "2070"]
[BlackElo "2026"]
[PlyCount "84"]
[EventDate "2013.04.20"]
[EventType "swiss"]
[EventRounds "9"]
[EventCountry "GER"]
[SourceTitle "EXT 2019"]
[Source "ChessBase"]
[SourceDate "2018.10.10"]
[SourceVersion "1"]
[SourceVersionDate "2018.10.10"]
[SourceQuality "1"]

1. Nf3 d5 2. g3 c5 3. Bg2 Nc6 4. 0-0 e5 5. d3 Be7 6. Nbd2 Nf6 7. e4 d4 8. Nc4 Qc7 9. a4 0-0 10. h3 Be6 11. b3 Rab8 12. Ng5 Bd7 13. f4 h6 14. Nf3 Nh5 15. Nfxe5 Nxg3 16. Nxd7 Qxd7 17. Rf3 Nh5 18. Rf2 g6 19. f5 Kh7 20. Qg4 Rbd8 21. Bd2 Bd6 22. Raf1 Qe7 23. fxg6+ fxg6 24. Rxf8 Rxf8 25. Rxf8 Qxf8 26. Qd7+ Be7 27. Qxb7 Nb4 28. Ne5 Ng7 29. c3 dxc3 30. Bxc3 Bh4 31. Nf3 Be7 32. Qd7 a6 33. Nh2 Bg5 34. Ng4 h5 35. Nh2 Be3+ 36. Kh1 Nc2 37. Be5 Nd4 38. Qb7 Nde6 39. Nf3 Nd4 40. Bxg7 Qxg7 41. Qd5 Nxf3 42. Bxf3 Qa1+ 0-1

[Event "Hessen-ch Seniors op 09th"]
[Site "Bad Sooden-Allendorf"]
[Date "2013.04.21"]
[Round "2"]
[White "Micheel, Peter"]
[Black "Oud, Niek"]
[Result "1/2-1/2"]
[WhiteElo "1933"]
[BlackElo "2026"]
[PlyCount "73"]
[EventDate "2013.04.20"]
[EventType "swiss"]
[EventRounds "9"]
[EventCountry "GER"]
[SourceTitle "EXT 2019"]
[Source "ChessBase"]
[SourceDate "2018.10.10"]
[SourceVersion "1"]
[SourceVersionDate "2018.10.10"]
[SourceQuality "1"]

1. e4 c5 2. Nf3 Nc6 3. d4 cxd4 4. Nxd4 d6 5. Nc3 Nf6 6. Be2 g6 7. 0-0 Bg7 8. Be3 0-0 9. h3 Bd7 10. Qd2 a6 11. Rad1 Qc7 12. f4 Nxd4 13. Bxd4 Bc6 14. Bf3 Rfd8 15. Nd5 Nxd5 16. exd5 Bb5 17. Rf2 Rac8 18. Bxg7 Kxg7 19. c3 Qc5 20. Qd4+ Qxd4 21. Rxd4 a5 22. Be2 Bd7 23. Bg4 f5 24. Bd1 Rc7 25. Re2 Be8 26. g4 fxg4 27. hxg4 Bf7 28. a3 Kf8 29. Rh2 Kg7 30. Re2 Rdc8 31. Kf2 Kf8 32. Kg3 Rc4 33. Red2 Rxd4 34. Rxd4 b5 35. Bf3 Rc5 36. g5 Kg7 37. Be4 1/2-1/2

[Event "Hessen-ch Seniors op 08th"]
[Site "Bad Sooden-Allendorf"]
[Date "2012.04.21"]
[Round "8"]
[White "Kotlar, Alfred"]
[Black "Oud, Niek"]
[Result "0-1"]
[WhiteElo "2059"]
[BlackElo "2039"]
[PlyCount "93"]
[EventDate "2012.04.14"]
[EventType "swiss"]
[EventRounds "9"]
[EventCountry "GER"]
[SourceTitle "EXT 2019"]
[Source "ChessBase"]
[SourceDate "2018.10.10"]
[SourceVersion "1"]
[SourceVersionDate "2018.10.10"]
[SourceQuality "1"]

1. d4 d5 2. Nf3 Nf6 3. Bf4 c6 4. Nbd2 Nbd7 5. e3 Nh5 6. Bg5 h6 7. Bh4 g5 8. Ne5 Nxe5 9. dxe5 Ng7 10. Bg3 Nf5 11. Be2 Bg7 12. c3 Nxg3 13. hxg3 Bxe5 14. Nf3 Bg7 15. Qc2 Be6 16. Rd1 Qa5 17. a3 0-0-0 18. Nd4 Bxd4 19. exd4 Qc7 20. Qa4 Kb8 21. Rd3 Bf5 22. Re3 Rd6 23. Qd1 Re6 24. Qd2 Rxe3 25. Qxe3 f6 26. f4 Rh7 27. Kf2 Qd6 28. Re1 Rg7 29. Rh1 Rh7 30. Re1 Kc7 31. Bd3 gxf4 32. gxf4 Bxd3 33. Qxd3 Qxf4+ 34. Kg1 Rg7 35. Re2 Qg5 36. c4 Qc1+ 37. Kh2 Qxc4 38. Qe3 Kb6 39. b3 Qa6 40. a4 h5 41. Rc2 Qf1 42. Rf2 Qb1 43. Qh6 Qg6 44. Qd2 Qg3+ 45. Kh1 Rg4 46. a5+ Kc7 47. Rf3 0-1

[Event "Hessen-ch Seniors op 08th"]
[Site "Bad Sooden-Allendorf"]
[Date "2012.04.14"]
[Round "1"]
[White "Draxler, Gottfried"]
[Black "Oud, Niek"]
[Result "0-1"]
[WhiteElo "1841"]
[BlackElo "2039"]
[PlyCount "31"]
[EventDate "2012.04.14"]
[EventType "swiss"]
[EventRounds "9"]
[EventCountry "GER"]
[SourceTitle "EXT 2019"]
[Source "ChessBase"]
[SourceDate "2018.10.10"]
[SourceVersion "1"]
[SourceVersionDate "2018.10.10"]
[SourceQuality "1"]

1. d4 d5 2. c4 e6 3. Nc3 Nf6 4. Bg5 Be7 5. e3 0-0 6. Nf3 Nbd7 7. Bd3 b6 8. 0-0 Bb7 9. Re1 h6 10. Bh4 Re8 11. Qe2 c5 12. cxd5 Nxd5 13. Bxe7 Qxe7 14. Ba6 Bxa6 15. Nxd5 exd5 16. Qxa6 0-1

[Event "Bad Woerishofen Seniors op 28th"]
[Site "Bad Woerishofen"]
[Date "2012.03.06"]
[Round "5.14"]
[White "Oud, Niek"]
[Black "Weinwurm, Wolfgang"]
[Result "0-1"]
[WhiteElo "1894"]
[BlackElo "2060"]
[PlyCount "84"]
[EventDate "2012.03.02"]
[EventType "swiss"]
[EventRounds "9"]
[EventCountry "GER"]
[SourceTitle "EXT 2022"]
[Source "ChessBase"]
[SourceDate "2021.10.06"]
[SourceVersion "1"]
[SourceVersionDate "2021.10.06"]
[SourceQuality "1"]

1. d4 Nf6 2. c4 g6 3. Nc3 d5 4. cxd5 Nxd5 5. e4 Nxc3 6. bxc3 Bg7 7. Bc4 c5 8. Ne2 0-0 9. 0-0 Nc6 10. Be3 Qc7 11. dxc5 Ne5 12. Qb3 Rd8 13. Qc2 Ng4 14. Bf4 Qxc5 15. h3 Nf6 16. Rad1 Bd7 17. Be3 Qa5 18. f3 Be8 19. Rxd8 Rxd8 20. Rd1 Rc8 21. Qd2 b5 22. e5 Nd7 23. e6 Ne5 24. exf7+ Bxf7 25. Bxf7+ Nxf7 26. Rb1 Rd8 27. Qb2 a6 28. Nd4 Rc8 29. Bd2 Qb6 30. Be3 Rc4 31. Qb3 Qa5 32. Nxb5 axb5 33. Qxb5 Qxb5 34. Rxb5 Bxc3 35. Kf1 Ra4 36. Rb3 Be5 37. a3 Bd6 38. Bc1 Ra7 39. Bb2 Ne5 40. Bc3 Nc6 41. Ke2 Kf7 42. Kd3 Rxa3 0-1

[Event "Bad Woerishofen Seniors op 28th"]
[Site "Bad Woerishofen"]
[Date "2012.03.05"]
[Round "4.28"]
[White "Wawrinsky, Ludwig"]
[Black "Oud, Niek"]
[Result "0-1"]
[WhiteElo "1694"]
[BlackElo "1894"]
[PlyCount "68"]
[EventDate "2012.03.02"]
[EventType "swiss"]
[EventRounds "9"]
[EventCountry "GER"]
[SourceTitle "EXT 2022"]
[Source "ChessBase"]
[SourceDate "2021.10.06"]
[SourceVersion "1"]
[SourceVersionDate "2021.10.06"]
[SourceQuality "1"]

1. e4 c5 2. d3 Nc6 3. g3 d5 4. Nd2 Nf6 5. Bg2 Bg4 6. f3 Bh5 7. Ne2 e5 8. 0-0 Be7 9. f4 exf4 10. Rxf4 Nd4 11. Bf3 Nxf3+ 12. Nxf3 dxe4 13. Ne5 Bxe2 14. Qxe2 Qd4+ 15. Qf2 Qxe5 16. Rf5 Qe6 17. Bg5 0-0 18. Re1 Ng4 19. Qf4 Bxg5 20. Qxg5 Nf6 21. dxe4 h6 22. Qf4 c4 23. g4 Rfd8 24. g5 hxg5 25. Rxg5 Rd4 26. Qg3 Ne8 27. a4 f6 28. Rg4 Kf7 29. c3 Rd2 30. e5 Qb6+ 31. Kf1 Qc6 32. Ree4 fxe5 33. Rxc4 Qh1+ 34. Qg1 Rd1+ 0-1

[Event "Bad Woerishofen Seniors op 28th"]
[Site "Bad Woerishofen"]
[Date "2012.03.02"]
[Round "1.45"]
[White "Oud, Niek"]
[Black "Erdmann, Wolfgang"]
[Result "1-0"]
[WhiteElo "1894"]
[BlackElo "1544"]
[PlyCount "81"]
[EventDate "2012.03.02"]
[EventType "swiss"]
[EventRounds "9"]
[EventCountry "GER"]
[SourceTitle "EXT 2022"]
[Source "ChessBase"]
[SourceDate "2021.10.06"]
[SourceVersion "1"]
[SourceVersionDate "2021.10.06"]
[SourceQuality "1"]

1. d4 d6 2. Nf3 Nf6 3. c4 c6 4. Nc3 g6 5. e4 Bg7 6. Be2 0-0 7. 0-0 Bg4 8. Be3 Qc7 9. Qc2 Rd8 10. Rfd1 Nbd7 11. h3 Bxf3 12. Bxf3 e5 13. dxe5 dxe5 14. c5 Nf8 15. Ne2 Ne6 16. Rab1 h6 17. g3 Rxd1+ 18. Rxd1 Rd8 19. Bg2 Rxd1+ 20. Qxd1 Qd7 21. Qxd7 Nxd7 22. b4 Nd4 23. Kf1 Nxe2 24. Kxe2 Kf8 25. h4 Ke8 26. Bh3 f6 27. Kd3 g5 28. Kc4 a6 29. a4 Kd8 30. b5 axb5+ 31. axb5 Kc7 32. Bf5 gxh4 33. gxh4 Nf8 34. Bd2 Kb8 35. Ba5 Bh8 36. h5 Bg7 37. Bd8 Bh8 38. Be7 Bg7 39. Bd6+ Ka7 40. Kb4 cxb5 41. Kxb5 1-0

[Event "Hessen-ch Seniors op 07th"]
[Site "Bad Sooden-Allendorf"]
[Date "2011.05.05"]
[Round "6"]
[White "Schmidt, Gerhard"]
[Black "Oud, Niek"]
[Result "0-1"]
[WhiteElo "2155"]
[BlackElo "2101"]
[PlyCount "111"]
[EventDate "2011.04.30"]
[EventType "swiss"]
[EventRounds "9"]
[EventCountry "GER"]
[SourceTitle "EXT 2012"]
[Source "ChessBase"]
[SourceDate "2011.11.24"]
[SourceVersion "1"]
[SourceVersionDate "2011.11.24"]
[SourceQuality "1"]

1. d4 d5 2. Nf3 Nf6 3. c4 e6 4. Nc3 Be7 5. Bg5 0-0 6. e3 h6 7. Bh4 Nbd7 8. Rc1 c6 9. Bd3 dxc4 10. Bxc4 Nd5 11. Bg3 b5 12. Bd3 Nxc3 13. bxc3 a6 14. Bb1 g6 15. Qd3 Kg7 16. h4 Rh8 17. h5 g5 18. Ne5 Nxe5 19. Bxe5+ Bf6 20. f4 c5 21. 0-0 Bb7 22. Bxf6+ Qxf6 23. f5 Rae8 24. fxe6 Qxe6 25. Rce1 Be4 26. Qxe4 Qxe4 27. Bxe4 Rxe4 28. Rf5 cxd4 29. cxd4 Rhe8 30. Kf2 Rh4 31. Rc1 Rxh5 32. Rc7 Rf8 33. Ra7 Rh1 34. Rxa6 Rb1 35. Kf3 Re8 36. g4 Rf1+ 37. Ke2 Rxf5 38. gxf5 g4 39. Kf2 b4 40. Rb6 g3+ 41. Kxg3 Rxe3+ 42. Kf4 Ra3 43. Rxb4 Rxa2 44. d5 Rd2 45. Ke5 Re2+ 46. Re4 f6+ 47. Kd4 Rxe4+ 48. Kxe4 Kf7 49. Kf4 Ke7 50. Kg4 Kd6 51. Kh5 Kxd5 52. Kxh6 Ke4 53. Kh5 Kxf5 54. Kh4 Kf4 55. Kh3 Kf3 56. Kh2 0-1

[Event "Vlissingen HZ op 14th"]
[Site "Vlissingen"]
[Date "2010.08.08"]
[Round "2"]
[White "Bitalzadeh, Ali"]
[Black "Oud, Niek"]
[Result "1-0"]
[WhiteElo "2415"]
[BlackElo "2049"]
[PlyCount "63"]
[EventDate "2010.08.07"]
[EventType "swiss"]
[EventRounds "9"]
[EventCountry "NED"]
[SourceTitle "CBM 137 Extra"]
[Source "ChessBase"]
[SourceDate "2010.09.01"]
[SourceVersion "1"]
[SourceVersionDate "2010.09.01"]
[SourceQuality "1"]

1. c4 Nf6 2. Nc3 e6 3. e4 d5 4. e5 Nfd7 5. d4 dxc4 6. Bxc4 Nb6 7. Nf3 Nxc4 8. Qa4+ Nd7 9. Qxc4 Nb6 10. Qe2 Be7 11. 0-0 0-0 12. Rd1 Nd5 13. Ne4 Bd7 14. a4 a5 15. Ne1 Bc6 16. Qg4 Kh8 17. Ng5 h6 18. Ngf3 Qd7 19. Qh5 Bxa4 20. Bxh6 Bxd1 21. Rxd1 gxh6 22. Qxh6+ Kg8 23. Rd3 Qd8 24. Nd2 Bh4 25. Rh3 Qg5 26. Rg3 Qxg3 27. hxg3 Be7 28. Ne4 f6 29. Qg6+ Kh8 30. Nf3 Ra6 31. exf6 Bxf6 32. Nfg5 1-0